Aliens don't wear braces / (Record no. 1025)
[ view plain ]
| 000 -LEADER | |
|---|---|
| fixed length control field | 01023cam a22002777a 4500 |
| 005 - DATE AND TIME OF LATEST TRANSACTION | |
| control field | 20230815152839.0 |
| 020 ## - INTERNATIONAL STANDARD BOOK NUMBER | |
| International Standard Book Number | 0590470701 (pbk.) : |
| 040 ## - CATALOGING SOURCE | |
| Original cataloging agency | DLC |
| Transcribing agency | DLC |
| Modifying agency | DLC |
| Language of cataloging | eng |
| 050 00 - LIBRARY OF CONGRESS CALL NUMBER | |
| Classification number | PZ7.D128 |
| 082 ## - DEWEY DECIMAL CLASSIFICATION NUMBER | |
| Classification number | Fic |
| 100 1# - MAIN ENTRY--PERSONAL NAME | |
| Personal name | Dadey, Debbie. |
| 245 10 - TITLE STATEMENT | |
| Title | Aliens don't wear braces / |
| Remainder of title | by Debbie Dadey and Marcia Thornton Jones ; illustrated by John Steven Gurney. |
| 260 ## - PUBLICATION, DISTRIBUTION, ETC. | |
| Place of publication, distribution, etc. | New York : |
| Name of publisher, distributor, etc. | Scholastic, |
| Date of publication, distribution, etc. | 1993. |
| 300 ## - PHYSICAL DESCRIPTION | |
| Extent | 74 pages. : |
| Other physical details | illustrations. ; |
| Dimensions | 20 cm. |
| 500 ## - GENERAL NOTE | |
| General note | Source: Copyright deposit, Dec. 21, 1993. |
| Institution to which field applies | DLC |
| 505 ## - FORMATTED CONTENTS NOTE | |
| Formatted contents note | N <br/> |
| 520 ## - SUMMARY, ETC. | |
| Summary, etc. | Strange doings seem to erupt whenever Mrs. Zork, the substitute art teacher shows up, in this most far-out adventure yet about the fun-filled Bailey School kids. |
| 521 ## - TARGET AUDIENCE NOTE | |
| Target audience note | 570 <br/> |
| Source | Lexile <br/><br/> |
| 521 ## - TARGET AUDIENCE NOTE | |
| Target audience note | N <br/> |
| Source | Raz-Plus <br/> |
| 700 1# - ADDED ENTRY--PERSONAL NAME | |
| Personal name | Jones, Marcia Thornton. |
| 700 1# - ADDED ENTRY--PERSONAL NAME | |
| Personal name | Gurney, John Steven, |
| Dates associated with a name | 1962- |
| 906 ## - LOCAL DATA ELEMENT F, LDF (RLIN) | |
| a | 7 |
| b | cbc |
| c | orignew |
| d | u |
| e | ncip |
| f | 19 |
| g | y-gencatlg |
| 942 ## - ADDED ENTRY ELEMENTS (KOHA) | |
| Source of classification or shelving scheme | Dewey Decimal Classification |
| Koha item type | Books |
| Suppress in OPAC | No |
| 999 ## - | |
| -- | 1025 |
| -- | 1025 |
| Withdrawn status | Lost status | Source of classification or shelving scheme | Damaged status | Not for loan | Collection | Home library | Current library | Shelving location | Date acquired | Total Checkouts | Full call number | Barcode | Date last seen | Date last checked out | Price effective from | Koha item type |
|---|---|---|---|---|---|---|---|---|---|---|---|---|---|---|---|---|
| Dewey Decimal Classification | Juvenile Fiction | Footprints International School Library Network Toul Kork Campus | Footprints International School Library Network Toul Kork Campus | 07/18/2023 | 1 | DAD Fic PZ7.D128 | FISBK00514 | 01/08/2024 | 12/11/2023 | 07/18/2023 | Books |
